[Event "SC NT Nuernberg 1-SK Schwandorf 1"]
[Site "?"]
[Date "2024.03.17"]
[Round "7.3"]
[White "Votruba, Pavel"]
[Black "Hrebenshchykova, Yelyzaveta"]
[Result "1/2-1/2"]
[WhiteElo "2222"]
[BlackElo "2300"]
[PlyCount "35"]
[EventDate "2024.??.??"]
[WhiteTeam "SK Schwandorf 1"]
[BlackTeam "SC NT Nürnberg 1"]

1. Nf3 Nf6 2. c4 e6 3. e3 d5 4. b3 Nbd7 5. Bb2 c6 6. Qc2 Bd6 7. d4 Qe7 8. Nc3 O-O 9. O-O-O b5 10. cxb5 cxb5 11. Bxb5 Bb7 12. Kb1 a6 13. Bd3 a5 14. Bb5 Nb6 15. Rc1 Rfc8 16. Qe2 Ne4 17. Nxe4 dxe4 18. Rxc8+ 1/2-1/2

[Event "SC NT Nuernberg 1-SK Schwandorf 1"]
[Site "?"]
[Date "2024.03.17"]
[Round "7.4"]
[White "Kirchner, Thomas"]
[Black "Schmidt, Oliver"]
[Result "1/2-1/2"]
[WhiteElo "2258"]
[BlackElo "2020"]
[PlyCount "131"]
[EventDate "2024.??.??"]
[WhiteTeam "SC NT Nürnberg 1"]
[BlackTeam "SK Schwandorf 1"]

1. e4 c5 2. Nf3 Nc6 3. Bc4 e6 4. O-O Nf6 5. e5 d5 6. Bb5 Nd7 7. c3 Qb6 8. Ba4 Be7 9. d3 O-O 10. Re1 Qa6 11. Na3 Rb8 12. c4 Nb4 13. Bf4 Rd8 14. Bb5 Qb6 15. Nc2 dxc4 16. Bxc4 Nf8 17. Ne3 Bd7 18. a3 Nc6 19. Qe2 Na5 20. Ba2 Bb5 21. Rad1 Ba4 22. Rc1 Ng6 23. Bg3 Bb5 24. Nc4 Nxc4 25. dxc4 Bc6 26. b3 Qa5 27. a4 a6 28. Bb1 b5 29. axb5 axb5 30. h4 Nf8 31. h5 h6 32. Be4 Bxe4 33. Qxe4 bxc4 34. bxc4 Qa8 35. Qc2 Rb4 36. Ra1 Qb7 37. Bf4 Rb2 38. Qa4 Rb4 39. Qa2 Nh7 40. Be3 Qc6 41. Qc2 Ra8 42. Red1 Raa4 43. Rxa4 Rxa4 44. Qd3 Nf8 45. Nd2 Nd7 46. Bf4 Nb6 47. Rb1 Rb4 48. Ra1 Ra4 49. Rc1 Qd7 50. Qb3 Rb4 51. Qg3 Kh7 52. Qf3 Kg8 53. Be3 Bf8 54. Qe4 Nd5 55. Ra1 Nxe3 56. Qxe3 Rb2 57. Ne4 Rc2 58. Qg3 Qd8 59. Nd6 Bxd6 60. exd6 Rd2 61. Ra6 Rd1+ 62. Kh2 Rd4 63. Kg1 Rd1+ 64. Kh2 Rd4 65. Kg1 Rd1+ 66. Kh2 1/2-1/2

[Event "SC NT Nuernberg 1-SK Schwandorf 1"]
[Site "?"]
[Date "2024.03.17"]
[Round "7.5"]
[White "Muehling, Werner"]
[Black "Promyshlyanskyy, Vitaliy"]
[Result "1/2-1/2"]
[WhiteElo "2015"]
[BlackElo "2259"]
[PlyCount "60"]
[EventDate "2024.??.??"]
[WhiteTeam "SK Schwandorf 1"]
[BlackTeam "SC NT Nürnberg 1"]

1. d4 Nf6 2. Nf3 g6 3. e3 Bg7 4. Bd3 d6 5. Nbd2 O-O 6. O-O Nbd7 7. Re1 e5 8. c3 Qe7 9. e4 Nh5 10. Nc4 Nb6 11. dxe5 dxe5 12. Qe2 Bd7 13. Na5 Rab8 14. Be3 Nf4 15. Bxf4 exf4 16. h3 Rfe8 17. Qc2 Qc5 18. Nb3 Qe7 19. Na5 Na4 20. e5 b6 21. Nb3 a5 22. Rad1 Rbd8 23. Nbd4 Nc5 24. Bb5 Bxb5 25. Nxb5 Rxd1 26. Qxd1 Rd8 27. Nbd4 Qd7 28. Qd2 Ne6 29. Qc1 c5 30. Nxe6 Qxe6 1/2-1/2

[Event "SC NT Nuernberg 1-SK Schwandorf 1"]
[Site "?"]
[Date "2024.03.17"]
[Round "7.6"]
[White "Heimrath, Reiner"]
[Black "Steger, Eric"]
[Result "1-0"]
[WhiteElo "2163"]
[BlackElo "1967"]
[PlyCount "111"]
[EventDate "2024.??.??"]
[WhiteTeam "SC NT Nürnberg 1"]
[BlackTeam "SK Schwandorf 1"]

1. e4 e5 2. Bc4 Nf6 3. d3 Bc5 4. Nf3 d6 5. h3 h6 6. O-O O-O 7. a4 a5 8. c3 Bb6 9. Re1 Re8 10. Nbd2 Nc6 11. Nf1 Be6 12. Bb5 Bd7 13. Ng3 Ne7 14. Bc4 Ng6 15. Be3 Bxe3 16. Rxe3 Be6 17. Bxe6 Rxe6 18. d4 Qd7 19. Qb3 b6 20. Rd1 Ree8 21. Qc4 exd4 22. Nxd4 d5 23. Qb5 Ne5 24. exd5 Qxd5 25. Ne4 Rad8 26. Nxf6+ gxf6 27. Rde1 Qxb5 28. Nxb5 Re6 29. Nxc7 Rc6 30. Nb5 Rd2 31. R3e2 Rxe2 32. Rxe2 Nd3 33. Rd2 Nc5 34. Rd4 Re6 35. Kf1 Re5 36. Nd6 Kf8 37. Nc4 Re6 38. Ne3 Nb3 39. Rd8+ Ke7 40. Rd1 Nc5 41. Nf5+ Kf8 42. Rd8+ Re8 43. Rd4 Re4 44. Rxe4 Nxe4 45. Ke2 Nc5 46. Kd2 Nxa4 47. Kc2 Ke8 48. Nxh6 Nc5 49. Ng4 Ke7 50. Ne3 Kd6 51. h4 Ne4 52. h5 f5 53. h6 Nf6 54. Nxf5+ Ke5 55. Ne3 b5 56. Ng4+ 1-0

[Event "SC NT Nuernberg 1-SK Schwandorf 1"]
[Site "?"]
[Date "2024.03.17"]
[Round "7.7"]
[White "Stoeckl, Stephan"]
[Black "Kabatianski, Alexander"]
[Result "0-1"]
[WhiteElo "2028"]
[BlackElo "2269"]
[PlyCount "70"]
[EventDate "2024.??.??"]
[WhiteTeam "SK Schwandorf 1"]
[BlackTeam "SC NT Nürnberg 1"]

1. Nf3 Nf6 2. c4 e6 3. g3 d5 4. b3 Be7 5. Bb2 O-O 6. Bg2 b6 7. O-O Bb7 8. e3 c5 9. Nc3 dxc4 10. bxc4 Nc6 11. a3 Qc7 12. Qe2 Rfd8 13. d3 a6 14. Rad1 Na7 15. a4 Ne8 16. Ne1 Bxg2 17. Nxg2 Rab8 18. f4 b5 19. axb5 axb5 20. f5 bxc4 21. fxe6 fxe6 22. dxc4 Rxd1 23. Rxd1 Bf6 24. Nb5 Nxb5 25. cxb5 c4 26. Bxf6 Nxf6 27. Rd4 Rxb5 28. Rxc4 Rb1+ 29. Kf2 Qe5 30. Ne1 Rb2 31. Rc2 Qf5+ 32. Kg1 Rb1 33. Rb2 Ra1 34. Ra2 Rc1 35. Rc2 Rxe1+ 0-1

[Event "SC NT Nuernberg 1-SK Schwandorf 1"]
[Site "?"]
[Date "2024.03.17"]
[Round "7.8"]
[White "Epding, Olaf"]
[Black "Paar, Johannes"]
[Result "1-0"]
[WhiteElo "2107"]
[BlackElo "1947"]
[PlyCount "56"]
[EventDate "2024.??.??"]
[WhiteTeam "SC NT Nürnberg 1"]
[BlackTeam "SK Schwandorf 1"]

1. b3 g6 2. Bb2 Nf6 3. c4 Bg7 4. Nf3 O-O 5. g3 b6 6. Bg2 Bb7 7. O-O c5 8. d4 Qc8 9. Nbd2 e6 10. Rc1 d6 11. e3 Nbd7 12. Qe2 Ne4 13. Rfd1 Qc7 14. Nxe4 Bxe4 15. dxc5 Bxb2 16. Qxb2 dxc5 17. Rxd7 Qxd7 18. Ne5 Qb7 19. Bxe4 Qxe4 20. Nd7 Qf3 21. Nf6+ Kg7 22. Ne8+ Kh6 23. Qg7+ Kg5 24. Nf6 h5 25. h4+ Kf5 26. e4+ Ke5 27. Nd7+ Kxe4 28. Qe5+ Kd3 1-0

[Event "SF Augsburg 1-SK Kriegshaber 1"]
[Site "?"]
[Date "2024.03.17"]
[Round "7.1"]
[White "Demel, Paul"]
[Black "Pancevski, Filip"]
[Result "0-1"]
[WhiteElo "2108"]
[BlackElo "2446"]
[PlyCount "42"]
[EventDate "2024.??.??"]
[WhiteTeam "SK Kriegshaber 1"]
[BlackTeam "SF Augsburg 1"]

1. e4 d6 2. d4 Nf6 3. Nc3 e5 4. Nf3 Nbd7 5. Bc4 Be7 6. O-O O-O 7. a4 a6 8. Re1 b6 9. Ba2 Bb7 10. Qd3 Rb8 11. Bg5 h6 12. Bd2 c5 13. dxe5 Nxe5 14. Qe2 Ng6 15. Rad1 Qc7 16. Qd3 Rfe8 17. e5 Nxe5 18. Nxe5 dxe5 19. Qg3 Kf8 20. Rxe5 Bd6 21. Bxh6 gxh6 0-1

[Event "SF Augsburg 1-SK Kriegshaber 1"]
[Site "?"]
[Date "2024.03.17"]
[Round "7.2"]
[White "Colovic, Aleksandar"]
[Black "Reis, Thomas"]
[Result "1/2-1/2"]
[WhiteElo "2416"]
[BlackElo "2210"]
[PlyCount "56"]
[EventDate "2024.??.??"]
[WhiteTeam "SF Augsburg 1"]
[BlackTeam "SK Kriegshaber 1"]

1. e4 e5 2. Nf3 Nc6 3. Bb5 a6 4. Ba4 Nf6 5. d3 d6 6. c3 g6 7. Bg5 Bg7 8. Nbd2 h6 9. Bh4 O-O 10. Nf1 b5 11. Bb3 Na5 12. Bc2 c5 13. Ne3 Nc6 14. Bb3 Ne7 15. Bxf6 Bxf6 16. h4 Be6 17. h5 g5 18. O-O Qd7 19. d4 exd4 20. cxd4 c4 21. Bc2 d5 22. exd5 Nxd5 23. Nxd5 Qxd5 24. Qe2 Bf5 25. Bxf5 Qxf5 26. Ne5 Rfe8 27. Rae1 Qf4 28. Qe4 Qxe4 1/2-1/2

[Event "SF Augsburg 1-SK Kriegshaber 1"]
[Site "?"]
[Date "2024.03.17"]
[Round "7.3"]
[White "Kamenskyi, Dmytro"]
[Black "Vuckovic, Aleksandar"]
[Result "0-1"]
[WhiteElo "2107"]
[BlackElo "2339"]
[PlyCount "96"]
[EventDate "2024.??.??"]
[WhiteTeam "SK Kriegshaber 1"]
[BlackTeam "SF Augsburg 1"]

1. Nf3 Nf6 2. g3 d5 3. Bg2 Nbd7 4. d4 e6 5. O-O b5 6. a4 b4 7. c4 c6 8. Nbd2 Ba6 9. Qc2 Rc8 10. Re1 c5 11. e4 dxe4 12. Nxe4 cxd4 13. b3 Nc5 14. Nxc5 Bxc5 15. Ne5 O-O 16. Bb2 Qd6 17. Rad1 Rfe8 18. Qd2 Red8 19. Qf4 Rc7 20. Rd3 Nh5 21. Qh4 Nf6 22. g4 h6 23. Bc1 Nh7 24. Rh3 Qe7 25. Qg3 Bd6 26. Qd3 Bxe5 27. Rxe5 Rc5 28. Rxc5 Qxc5 29. Rh5 Qe7 30. Ra5 Bc8 31. Bf4 f6 32. Be4 Nf8 33. Bb8 a6 34. c5 e5 35. Bd6 Qf7 36. h3 Kh8 37. Kh2 Ne6 38. Qf3 Ng5 39. Qd3 Nxe4 40. Qxe4 Qd7 41. f4 Bb7 42. Qc2 exf4 43. c6 Qxd6 44. cxb7 f3+ 45. Kh1 d3 46. Qh2 Qc6 47. b8=N Qc1+ 48. Qg1 d2 0-1

[Event "SF Augsburg 1-SK Kriegshaber 1"]
[Site "?"]
[Date "2024.03.17"]
[Round "7.4"]
[White "Vuckovic, Zarko"]
[Black "Bintakies, Michael"]
[Result "1/2-1/2"]
[WhiteElo "2358"]
[BlackElo "2115"]
[PlyCount "207"]
[EventDate "2024.??.??"]
[WhiteTeam "SF Augsburg 1"]
[BlackTeam "SK Kriegshaber 1"]

1. e4 c6 2. Nf3 d5 3. d3 dxe4 4. dxe4 Qxd1+ 5. Kxd1 Nd7 6. Nfd2 f5 7. exf5 Ne5 8. Nc4 Nxc4 9. Bxc4 Bxf5 10. Be3 Nf6 11. f3 Nd5 12. Bd2 O-O-O 13. Kc1 h5 14. Nc3 e6 15. Ne4 Be7 16. Re1 Kd7 17. b3 Rdg8 18. Kb2 g5 19. Rad1 g4 20. Bf1 gxf3 21. gxf3 Kc8 22. c4 Nc7 23. Be3 Bxe4 24. fxe4 a6 25. Bd4 Rh6 26. Bh3 Rf8 27. Rf1 Rxf1 28. Rxf1 Kd7 29. Kc2 Ne8 30. Rd1 Kc8 31. Rg1 Kd7 32. Kd3 Bf6 33. e5 Be7 34. Ke4 Rh7 35. Rg6 Nc7 36. Be3 Bf8 37. Rg8 Be7 38. Bb6 Rh6 39. Rg7 Ne8 40. Rf7 Rg6 41. Rh7 Ng7 42. Rh8 c5 43. Rb8 Kc6 44. Ba5 Rg1 45. Ke3 Nf5+ 46. Kf2 Ra1 47. Bg2+ Kd7 48. Rxb7+ Kc8 49. Rc7+ Kb8 50. a4 Ra2+ 51. Kg1 Ra1+ 52. Bf1 Bd8 53. Rxc5 Bxa5 54. Rxa5 Ne3 55. Kf2 Nxf1 56. Rxa6 Nxh2 57. Rxe6 h4 58. Kg2 Ra2+ 59. Kh3 Nf3 60. Kg4 Nd4 61. Rd6 Nxb3 62. Rb6+ Kc7 63. Rxb3 Rxa4 64. Rc3 Ra1 65. Kf5 Kd7 66. Rh3 Rf1+ 67. Ke4 Re1+ 68. Kd5 Rd1+ 69. Kc5 Re1 70. Rxh4 Rxe5+ 71. Kb6 Re1 72. Rh5 Rb1+ 73. Rb5 Rc1 74. c5 Kc8 75. Rb2 Rh1 76. Rg2 Rb1+ 77. Kc6 Kb8 78. Rg8+ Ka7 79. Rd8 Rc1 80. Rh8 Rc2 81. Rh7+ Kb8 82. Rh8+ Ka7 83. Rh4 Kb8 84. Rb4+ Kc8 85. Kb6 Rc1 86. Rh4 Rc2 87. Kc6 Kb8 88. Rh8+ Ka7 89. Rc8 Rh2 90. Rd8 Rc2 91. Rd5 Kb8 92. Kd6 Kb7 93. Rd1 Rh2 94. Rb1+ Kc8 95. Kc6 Rh6+ 96. Kb5 Kc7 97. Rg1 Rf6 98. Rg5 Rh6 99. Rg7+ Kc8 100. Re7 Rg6 101. Ra7 Rh6 102. Ra6 Rxa6 103. Kxa6 Kc7 104. c6 1/2-1/2

[Event "SF Augsburg 1-SK Kriegshaber 1"]
[Site "?"]
[Date "2024.03.17"]
[Round "7.5"]
[White "Hahn, Christoph"]
[Black "Lavrinenkov, Vadim"]
[Result "0-1"]
[WhiteElo "2103"]
[BlackElo "2286"]
[PlyCount "158"]
[EventDate "2024.??.??"]
[WhiteTeam "SK Kriegshaber 1"]
[BlackTeam "SF Augsburg 1"]

1. d4 Nf6 2. Nc3 d5 3. Bf4 c5 4. e3 cxd4 5. exd4 a6 6. Nf3 Nc6 7. a3 Bg4 8. Be2 e6 9. Ne5 Bxe2 10. Nxe2 Rc8 11. O-O Be7 12. c3 O-O 13. Nc1 Nd7 14. Nxd7 Qxd7 15. Nd3 Rfe8 16. Qg4 Bf8 17. Rfe1 b6 18. Re3 g6 19. Rae1 Bg7 20. h4 h6 21. Ne5 Nxe5 22. Bxe5 h5 23. Qe2 b5 24. Bxg7 Kxg7 25. Rg3 Kf8 26. Qe5 Ke7 27. Rf3 Rc7 28. Qf6+ Kd6 29. Ra1 Kc6 30. a4 Kb7 31. axb5 axb5 32. c4 bxc4 33. Rfa3 Rb8 34. Ra7+ Kc6 35. R7a6+ Rb6 36. Qf3 Qd6 37. R1a5 Qb4 38. Ra7 Rxa7 39. Rxa7 Rb7 40. Rxb7 Qxb7 41. Qa3 Qc7 42. g3 Kb5 43. b3 cxb3 44. Qxb3+ Kc6 45. Qa4+ Kb6 46. Qb4+ Ka6 47. Qa4+ Qa5 48. Qc6+ Ka7 49. Qd7+ Kb6 50. Qxf7 Qe1+ 51. Kg2 Qe4+ 52. f3 Qc2+ 53. Kg1 Qf5 54. Qe7 Kb5 55. Qc5+ Ka4 56. Qc3 Qb1+ 57. Kg2 Qa2+ 58. Kg1 Qe2 59. f4 Qc4 60. Qa1+ Kb3 61. Qb1+ Kc3 62. Qxg6 Qxd4+ 63. Kh2 Qf2+ 64. Kh3 Qg1 65. Qxh5 Qh1+ 66. Kg4 Qd1+ 67. Kg5 Qxh5+ 68. Kxh5 d4 69. g4 d3 70. f5 d2 71. fxe6 d1=Q 72. e7 Qd7 73. g5 Qxe7 74. Kh6 Kd4 75. h5 Ke5 76. Kg6 Qe8+ 77. Kh6 Qg8 78. g6 Kf6 79. g7 Qxg7# 0-1

[Event "SF Augsburg 1-SK Kriegshaber 1"]
[Site "?"]
[Date "2024.03.17"]
[Round "7.6"]
[White "Weller, Uli"]
[Black "Belevtsov, Vladimir"]
[Result "1-0"]
[WhiteElo "2263"]
[BlackElo "1922"]
[PlyCount "101"]
[EventDate "2024.??.??"]
[WhiteTeam "SF Augsburg 1"]
[BlackTeam "SK Kriegshaber 1"]

1. e4 e6 2. Nc3 d5 3. Nf3 Nf6 4. e5 Nfd7 5. d4 c5 6. dxc5 Nc6 7. Bf4 Bxc5 8. Bd3 Bb4 9. O-O Nc5 10. Nb5 Nxd3 11. Qxd3 a6 12. Nbd4 Be7 13. Rad1 O-O 14. Rfe1 Bd7 15. Re3 Rc8 16. Nxc6 bxc6 17. Nd4 c5 18. Rh3 g6 19. Nf3 Bb5 20. Qd2 f5 21. Ng5 Bxg5 22. Bxg5 Qd7 23. Bf6 Rxf6 24. exf6 Rf8 25. Qc3 Qd6 26. Re1 d4 27. Qg3 Qxg3 28. hxg3 Bc4 29. b3 Bd5 30. c4 dxc3 31. Rc1 h5 32. Rxc3 Rc8 33. Rh4 Kf7 34. Ra4 Rc6 35. Ra5 c4 36. a3 Kxf6 37. Ra4 cxb3 38. Rxc6 Bxc6 39. Rxa6 Bd5 40. f4 g5 41. Rb6 h4 42. fxg5+ Kxg5 43. gxh4+ Kxh4 44. a4 Kg4 45. a5 e5 46. a6 e4 47. a7 e3 48. Rxb3 f4 49. Rb8 f3 50. gxf3+ Kxf3 51. Kf1 1-0

[Event "SF Augsburg 1-SK Kriegshaber 1"]
[Site "?"]
[Date "2024.03.17"]
[Round "7.8"]
[White "Abdic, Adnan"]
[Black "Kling, Maximilian"]
[Result "1/2-1/2"]
[WhiteElo "2160"]
[BlackElo "1835"]
[PlyCount "30"]
[EventDate "2024.??.??"]
[WhiteTeam "SF Augsburg 1"]
[BlackTeam "SK Kriegshaber 1"]

1. e4 d5 2. Nc3 d4 3. Nce2 e5 4. Ng3 Be6 5. Nf3 f6 6. c3 d3 7. Nh4 c5 8. Qa4+ Nc6 9. Qb5 c4 10. Qxb7 Na5 11. Qa6 Bc8 12. Qb5+ Bd7 13. Qa6 Bc8 14. Qb5+ Bd7 15. Qa6 Bc8 1/2-1/2

[Event "SF Augsburg 1-SC NT Nuernberg 1"]
[Site "?"]
[Date "2024.04.14"]
[Round "8.1"]
[White "Milov, Leonid"]
[Black "Djukic, Nikola"]
[Result "1/2-1/2"]
[WhiteElo "2427"]
[BlackElo "2511"]
[PlyCount "93"]
[EventDate "2024.??.??"]
[WhiteTeam "SC NT Nürnberg 1"]
[BlackTeam "SF Augsburg 1"]

1. e4 c5 2. Nf3 d6 3. d4 cxd4 4. Nxd4 Nf6 5. Nc3 g6 6. Be3 Bg7 7. f3 O-O 8. Qd2 Nc6 9. O-O-O d5 10. Nxc6 bxc6 11. Bh6 Bxh6 12. Qxh6 Rb8 13. h4 Qa5 14. a3 Be6 15. h5 Rxb2 16. Kxb2 Rb8+ 17. Bb5 cxb5 18. Nxd5 Nxd5 19. Rxd5 Rc8 20. Qd2 Qxd2 21. Rxd2 Kg7 22. h6+ Kf6 23. f4 a5 24. Rhd1 Rc5 25. Rg1 Rc4 26. Re1 Rc8 27. Rd4 a4 28. Rh1 Bc4 29. g3 e5 30. Rd6+ Ke7 31. Rhd1 exf4 32. Rd7+ Kf6 33. gxf4 Be6 34. Rd8 Rc5 35. Rh8 Rh5 36. Rxh7 g5 37. f5 Bc4 38. Rh8 Ke5 39. Re8+ Kf4 40. Rh8 Kxe4 41. f6 Kf5 42. Rd6 g4 43. h7 Ke5 44. Rc6 Kf4 45. Rcc8 Rh4 46. Rcg8 Kf5 47. Rxg4 1/2-1/2

[Event "SF Augsburg 1-SC NT Nuernberg 1"]
[Site "?"]
[Date "2024.04.14"]
[Round "8.2"]
[White "Draskovic, Luka"]
[Black "Yelisieiev, Yevhenii"]
[Result "1/2-1/2"]
[WhiteElo "2504"]
[BlackElo "2387"]
[PlyCount "95"]
[EventDate "2024.??.??"]
[WhiteTeam "SF Augsburg 1"]
[BlackTeam "SC NT Nürnberg 1"]

1. e4 d6 2. d4 Nf6 3. Bd3 e5 4. c3 g6 5. Nf3 Nbd7 6. O-O Bg7 7. Re1 O-O 8. Nbd2 exd4 9. cxd4 c5 10. e5 dxe5 11. dxe5 Ng4 12. Nc4 b5 13. Bg5 Qc7 14. Be4 Rb8 15. Qd6 Qxd6 16. Nxd6 Ndxe5 17. Be7 Be6 18. Bxf8 Bxf8 19. h3 Bxd6 20. hxg4 Bxg4 21. Nxe5 Bxe5 22. Bf3 Bxb2 23. Bxg4 Bxa1 24. Rxa1 c4 25. Kf1 b4 26. Ke2 a5 27. Kd2 Kg7 28. Be2 c3+ 29. Kc2 h5 30. Rd1 Re8 31. Bf3 Re5 32. a3 Rf5 33. axb4 axb4 34. Rd4 g5 35. Rxb4 g4 36. Bb7 Rxf2+ 37. Kxc3 Kg6 38. Kd3 Kg5 39. Ke3 Rf5 40. Bc6 Rc5 41. Rb5 Rxb5 42. Bxb5 f5 43. g3 h4 44. gxh4+ Kxh4 45. Kf4 Kh3 46. Kxf5 g3 47. Bc6 g2 48. Bxg2+ 1/2-1/2

[Event "SF Augsburg 1-SC NT Nuernberg 1"]
[Site "?"]
[Date "2024.04.14"]
[Round "8.3"]
[White "Hrebenshchykova, Yelyzaveta"]
[Black "Vuckovic, Aleksandar"]
[Result "1/2-1/2"]
[WhiteElo "2300"]
[BlackElo "2339"]
[PlyCount "82"]
[EventDate "2024.??.??"]
[WhiteTeam "SC NT Nürnberg 1"]
[BlackTeam "SF Augsburg 1"]

1. e4 c5 2. Nf3 e6 3. d4 cxd4 4. Nxd4 Qc7 5. Bd3 Nc6 6. Nxc6 bxc6 7. O-O Nf6 8. Qe2 d5 9. Nc3 Be7 10. f4 O-O 11. e5 Nd7 12. Na4 f6 13. Qh5 f5 14. c4 Qa5 15. Qd1 Rb8 16. b3 Ba6 17. cxd5 cxd5 18. Bd2 Bb4 19. Bxb4 Rxb4 20. Bxa6 Qxa6 21. Rc1 Rc8 22. Rxc8+ Qxc8 23. Qd2 Rb7 24. Rc1 Rc7 25. Rxc7 Qxc7 26. Qc3 Qxc3 27. Nxc3 Kf7 28. Kf2 g5 29. g3 gxf4 30. gxf4 Nb8 31. Ke3 Nc6 32. Nb5 Ke7 33. Nd4 Kd7 34. Nxc6 Kxc6 35. Kd4 Kb5 36. a3 a5 37. h3 h6 38. h4 h5 39. Kd3 Kc5 40. Kc3 Kb5 41. Kd3 Kc5 1/2-1/2

[Event "SF Augsburg 1-SC NT Nuernberg 1"]
[Site "?"]
[Date "2024.04.14"]
[Round "8.4"]
[White "Vuckovic, Zarko"]
[Black "Kirchner, Thomas"]
[Result "1-0"]
[WhiteElo "2358"]
[BlackElo "2258"]
[PlyCount "117"]
[EventDate "2024.??.??"]
[WhiteTeam "SF Augsburg 1"]
[BlackTeam "SC NT Nürnberg 1"]

1. e4 e5 2. Nf3 Nc6 3. Bc4 Bc5 4. O-O Nf6 5. d3 d6 6. c3 O-O 7. Bg5 h6 8. Bh4 Bg4 9. h3 Bxf3 10. Qxf3 g5 11. Bg3 Kg7 12. Nd2 a6 13. Bb3 Ng8 14. Bc2 Qf6 15. Rad1 Qxf3 16. Nxf3 Ba7 17. Bh2 Nge7 18. d4 f6 19. g3 Rad8 20. Kg2 Rfe8 21. d5 Nb8 22. h4 Nd7 23. h5 f5 24. exf5 Nf6 25. Nd2 Nexd5 26. Ne4 Nxe4 27. Bxe4 Nf6 28. Bxb7 Rb8 29. Bc6 Re7 30. b4 Nxh5 31. Rfe1 g4 32. f4 Kf6 33. fxe5+ dxe5 34. Rd5 Bb6 35. c4 Ng7 36. c5 Ba7 37. a3 Nxf5 38. Bg1 Rf8 39. Red1 h5 40. Rd8 Ref7 41. R1d7 Rxd8 42. Rxd8 h4 43. gxh4 Nxh4+ 44. Kg3 Nf5+ 45. Kh2 Kg5 46. Ra8 Kf4 47. Kg2 g3 48. Rxa7 e4 49. Ra8 Nh4+ 50. Kf1 Nf3 51. Re8 g2+ 52. Kf2 Ne5 53. Bd5 Rf5 54. Kxg2 c6 55. Bh2+ Ke3 56. Rxe5 Rf2+ 57. Kh1 cxd5 58. Bg1 Kf4 59. Rxe4+ 1-0

[Event "SF Augsburg 1-SC NT Nuernberg 1"]
[Site "?"]
[Date "2024.04.14"]
[Round "8.5"]
[White "Promyshlyanskyy, Vitaliy"]
[Black "Lavrinenkov, Vadim"]
[Result "1-0"]
[WhiteElo "2259"]
[BlackElo "2286"]
[PlyCount "85"]
[EventDate "2024.??.??"]
[WhiteTeam "SC NT Nürnberg 1"]
[BlackTeam "SF Augsburg 1"]

1. e4 e5 2. Nf3 Nc6 3. Bb5 Nf6 4. Qe2 Bc5 5. d3 Nd4 6. Nxd4 Bxd4 7. c3 Bb6 8. Bg5 h6 9. Bh4 c6 10. Ba4 d6 11. Nd2 Qe7 12. Nc4 g5 13. Bg3 Bg4 14. f3 Be6 15. d4 Bc7 16. Nxd6+ Bxd6 17. dxe5 Bxe5 18. Bxe5 Rd8 19. Bc2 b5 20. Qe3 O-O 21. Bxf6 Qxf6 22. O-O a5 23. f4 gxf4 24. Rxf4 Qg5 25. Raf1 Kh8 26. h4 Qh5 27. Rf6 Kg7 28. Qg3+ Qg4 29. Qe5 Kh7 30. R1f4 Qg7 31. Rf2 Kg8 32. Qf4 h5 33. e5 Rfe8 34. Rf3 Kf8 35. Rg3 Bg4 36. Bf5 Rd1+ 37. Kh2 Re1 38. Bxg4 hxg4 39. Rxg4 Qh7 40. Rh6 Qb1 41. Rh8+ Ke7 42. Qf6+ Kd7 43. Qd6+ 1-0

[Event "SF Augsburg 1-SC NT Nuernberg 1"]
[Site "?"]
[Date "2024.04.14"]
[Round "8.6"]
[White "Weller, Uli"]
[Black "Hoffmann, Sebastian"]
[Result "0-1"]
[WhiteElo "2263"]
[BlackElo "2200"]
[PlyCount "132"]
[EventDate "2024.??.??"]
[WhiteTeam "SF Augsburg 1"]
[BlackTeam "SC NT Nürnberg 1"]

1. e4 c6 2. Nc3 d5 3. Nf3 dxe4 4. Nxe4 Nf6 5. Qe2 Nxe4 6. Qxe4 Nd7 7. Bc4 Nf6 8. Ne5 e6 9. Qe2 b5 10. Bb3 Qc7 11. d4 Bd6 12. Bf4 O-O 13. O-O a5 14. c3 c5 15. dxc5 Qxc5 16. Rad1 Bc7 17. Rfe1 Bb7 18. Rd3 Be4 19. Re3 Bxe5 20. Bxe5 Qxe5 21. Bc2 Qd5 22. Bxe4 Nxe4 23. Rxe4 Qxa2 24. g3 Rab8 25. Rd1 b4 26. cxb4 Rxb4 27. Rxb4 axb4 28. Rd4 b3 29. Qd1 Qxb2 30. Rd3 Qc2 31. Qxc2 bxc2 32. Rc3 g5 33. g4 Ra8 34. Rxc2 Ra4 35. h3 Kg7 36. Kg2 h5 37. gxh5 Kh6 38. Rc7 Rf4 39. Kg3 e5 40. Rc5 f6 41. Ra5 Kxh5 42. Ra3 Rd4 43. Kg2 Kg6 44. Ra6 Rd3 45. Ra4 Kf5 46. Ra6 e4 47. Ra5+ Kf4 48. Ra4 Rf3 49. Ra5 Rb3 50. Ra4 Ke5 51. Ra5+ Ke6 52. Ra4 f5 53. Ra6+ Ke5 54. Ra5+ Kf6 55. Ra6+ Kg7 56. Rc6 Kf7 57. Ra6 Rb2 58. Ra7+ Kg6 59. Ra6+ Kh5 60. Kf1 f4 61. Re6 Rb1+ 62. Kg2 Re1 63. Rf6 f3+ 64. Kh2 Rf1 65. h4 Rxf2+ 66. Kh3 g4+ 0-1

[Event "SF Augsburg 1-SC NT Nuernberg 1"]
[Site "?"]
[Date "2024.04.14"]
[Round "8.8"]
[White "Abdic, Adnan"]
[Black "Kabatianski, Alexander"]
[Result "1/2-1/2"]
[WhiteElo "2160"]
[BlackElo "2269"]
[PlyCount "49"]
[EventDate "2024.??.??"]
[WhiteTeam "SF Augsburg 1"]
[BlackTeam "SC NT Nürnberg 1"]

1. e4 d6 2. d4 Nf6 3. Nc3 e5 4. Nf3 Nbd7 5. Be2 Be7 6. O-O O-O 7. Re1 c6 8. a4 Re8 9. Bf1 Qc7 10. h3 Bf8 11. Bg5 h6 12. Be3 exd4 13. Bxd4 Ne5 14. Nd2 b6 15. f4 Ned7 16. Qf3 Bb7 17. Kh1 a6 18. Qg3 c5 19. Bf2 Bc6 20. Bc4 Qb7 21. Qd3 Nh5 22. Qf3 Nhf6 23. Qd3 Nh5 24. Qf3 Nhf6 25. Qd3 1/2-1/2

[Event "SK Schwandorf 1-SK Tarrasch Muenchen 1"]
[Site "?"]
[Date "2024.04.14"]
[Round "8.1"]
[White "Maksimenko, Andrei"]
[Black "Zvara, Petr"]
[Result "1-0"]
[WhiteElo "2453"]
[BlackElo "2335"]
[PlyCount "91"]
[EventDate "2024.??.??"]
[WhiteTeam "SK Tarrasch München 1"]
[BlackTeam "SK Schwandorf 1"]

1. Nf3 Nf6 2. c4 g6 3. Nc3 Bg7 4. d4 O-O 5. e4 d6 6. Be2 e5 7. O-O Nc6 8. d5 Ne7 9. b4 Ne8 10. Nd2 f5 11. c5 Nf6 12. a4 f4 13. Nc4 g5 14. Nb5 Nxe4 15. f3 Nf6 16. Nxc7 Qxc7 17. cxd6 Qd8 18. dxe7 Qxe7 19. Bb2 e4 20. d6 Qe8 21. fxe4 Be6 22. e5 Nd7 23. Na5 Nxe5 24. Nxb7 f3 25. gxf3 Bh3 26. Qd5+ Kh8 27. Bb5 Qf7 28. Qxf7 Rxf7 29. Bxe5 Bxe5 30. Bc6 Bd4+ 31. Kh1 Bxa1 32. Rxa1 Rb8 33. Na5 Rxb4 34. Rd1 Rf8 35. d7 Kg7 36. Nb7 Rxb7 37. Bxb7 Rd8 38. Bc6 Kf7 39. Rd5 Ke7 40. Rxg5 Kd6 41. Be4 Bxd7 42. Ra5 Rg8 43. Bxh7 Rg7 44. Bf5 Bc6 45. Be4 Be8 46. h4 1-0

[Event "SK Schwandorf 1-SK Tarrasch Muenchen 1"]
[Site "?"]
[Date "2024.04.14"]
[Round "8.2"]
[White "Barth, Norbert"]
[Black "Das, Soham"]
[Result "1/2-1/2"]
[WhiteElo "2221"]
[BlackElo "2374"]
[PlyCount "131"]
[EventDate "2024.??.??"]
[WhiteTeam "SK Schwandorf 1"]
[BlackTeam "SK Tarrasch München 1"]

1. Nf3 d5 2. d4 Nf6 3. c4 c6 4. Nbd2 Bf5 5. g3 e6 6. Bg2 h6 7. O-O Nbd7 8. b3 Be7 9. Bb2 O-O 10. e3 a5 11. Qe2 a4 12. Bc3 Qb6 13. c5 Qa6 14. Qxa6 Rxa6 15. b4 Raa8 16. Rfc1 Rfe8 17. a3 Rec8 18. Ra2 Ne8 19. Rb2 Nc7 20. Bf1 g5 21. Ne1 Bf6 22. f4 Bg7 23. Ndf3 f6 24. Rf2 Re8 25. h3 Bg6 26. g4 Be4 27. h4 gxf4 28. exf4 e5 29. fxe5 fxe5 30. Nxe5 Nxe5 31. dxe5 Bxe5 32. Bxe5 Rxe5 33. Nf3 Re7 34. Nd4 Rf7 35. Be2 Rxf2 36. Kxf2 Kg7 37. Kg3 Kf6 38. Kf4 Ne6+ 39. Ke3 Ke5 40. Nxe6 Kxe6 41. Kd4 Kf6 42. Rf1+ Kg7 43. Rf4 Re8 44. Bd1 Bg6 45. g5 hxg5 46. hxg5 Rh8 47. Ke5 Rh3 48. Rf3 Rh1 49. Bxa4 Re1+ 50. Kd6 d4 51. b5 cxb5 52. Bxb5 d3 53. Rf2 Rc1 54. Ba4 Rc3 55. Rd2 Rxa3 56. Bd1 Rc3 57. Rb2 Be4 58. Ke5 Rc4 59. Rf2 Bc6 60. Rd2 Re4+ 61. Kf5 Re1 62. Kf4 Bb5 63. Bf3 Ba6 64. Rb2 Re7 65. Be4 Rc7 66. Ke3 1/2-1/2

[Event "SK Schwandorf 1-SK Tarrasch Muenchen 1"]
[Site "?"]
[Date "2024.04.14"]
[Round "8.3"]
[White "Meier, Volker"]
[Black "Votruba, Pavel"]
[Result "1-0"]
[WhiteElo "2190"]
[BlackElo "2222"]
[PlyCount "51"]
[EventDate "2024.??.??"]
[WhiteTeam "SK Tarrasch München 1"]
[BlackTeam "SK Schwandorf 1"]

1. e4 e6 2. d4 d5 3. Nc3 Nf6 4. e5 Nfd7 5. f4 c5 6. Nf3 Nc6 7. Be3 cxd4 8. Nxd4 Bc5 9. Qd2 a6 10. O-O-O Qe7 11. h4 Bxd4 12. Bxd4 b5 13. Rh3 O-O 14. h5 f6 15. h6 fxe5 16. hxg7 Rf7 17. fxe5 Nxd4 18. Qxd4 Qg5+ 19. Kb1 Qxe5 20. Qh4 Rxg7 21. Qd8+ Nf8 22. Rf3 Rf7 23. Rxf7 Kxf7 24. Bd3 Bb7 25. Rf1+ Kg7 26. Qe7+ 1-0